000 00313nam a2200145Ia 4500
008 100415s9999 xx 000 0 und d
082 _b7649
_a580
100 _aMaheshwari P
245 _aCedrus
260 _aNEW DELHI
_c1970
_bCSIR
365 _b24
630 _aCedrus
730 _aCedrus
942 _cBOOK
999 _c590601
_d590598